Phương pháp giải toả stress

Nội dung của sách bàn về tác hại của stress đến sức khoẻ; cách khắc phục stress; những con đường mới để tỉnh tâm; điều trị stress bằng thảo dược và y học cổ truyền.

Saved in:
Bibliographic Details
Format: Book
Language:Undetermined
Published: Hà Nội Phụ Nữ 2006
Subjects:
Tags: Add Tag
No Tags, Be the first to tag this record!
Institutions: Trung tâm Học liệu Trường Đại học Cần Thơ
LEADER 00767nam a2200193Ia 4500
001 CTU_118519
008 210402s9999 xx 000 0 und d
020 |c 27000 
082 |a 616.98 
082 |b Ph561 
245 0 |a Phương pháp giải toả stress 
245 0 |c Phương Hà biên soạn 
260 |a Hà Nội 
260 |b Phụ Nữ 
260 |c 2006 
520 |a Nội dung của sách bàn về tác hại của stress đến sức khoẻ; cách khắc phục stress; những con đường mới để tỉnh tâm; điều trị stress bằng thảo dược và y học cổ truyền. 
650 |a Anxiousness,Stress 
904 |i Tuyến 
980 |a Trung tâm Học liệu Trường Đại học Cần Thơ